00713nam a2200193 c 450000500170000000800410001702000180005804000480007604100080012410000230013224501410015526000290029630000210032549000290034650400530037565000310042865000280045965000320048720200310120241.0200310s2017 enk |||fr|||| 00| 0 eng d a9781138221628 aCO-BoUCMbspacDeissy GarciadDeissy Garcia0 aeng1 aSchouenborg, Laust10aInternational institutions in world historybdivorcing international relations theory from the state and stage modelscLaust Schouenborg bRoutledgec2017aLondres ax, 175 páginas0 aWorlding beyond the west aIncluye referencias bibliográficas e índices17aRelaciones internacionales17aInstituciones sociales 17aOrganismos internacionales